Statistics for Words ending in "al" quiz (3)

Click here to take the quiz!

General Stats

  • This quiz has been taken 10 times
  • The average score is 4 of 13

Answer Stats

HintAnswer% Correct
Venice is famous for itsCanal
100%
Channel in polishkanal
100%
ONCE EVERY SEASONseasonal
50%
People born in the 2000sMillenial
40%
Tribe? Tribute? Tri....tribunal
40%
stomach, belly button, Get it?Abdominal
10%
If it works, its --Functional
10%
Not easy, insaneBrutal
0%
Easy, normalCasual
0%
Qanon theory related thing idkkabal
0%
Some type of Political figure idkliberal
0%
oh, eventually we come hereOccasional
0%
people born 1975 - 1985Xennial
0%

Score Distribution

Percentile by Number Answered

Percent of People with Each Score

Your Score History

You have not taken this quiz